000 00471nam a2200181Ia 4500
001 10624
005 20260306161846.0
008 260306t2005||||xx |||||||||||||| ||spa||
041 _aESP
082 _a945.091
_bG36
100 _aGentile, Emilio
_eAUT
245 0 _aLa vía italiana al totalitarismo:
_bpartido y estado en el régimen fascista
260 _c2005
300 _a448 páginas :
_c21 cm.
650 _aGEN
654 _aCHU
942 _cLIB
_dJUS
_fJUS
_2ddc
_n
999 _c10624
_d10624